Uwaga! Na kogo padnie wybór? - Statystyki

Ogólne statystyki
  • Ten quiz został rozwiązany 53 razy
  • Średni wynik to 6 z 8
Statystyki odpowiedzi
Zagadnienie Odpowiedź % Poprawnych
wiecznie młody, prowadzi "Awanturę o kasę" Krzysztof ibisz
94%
Polska siła Mariusz Pudzianowski
94%
Prowadzący "Milionerów" Hubert Urbański
91%
Polski mistrz żużla Bartosz Zmarzlik
85%
Król złomu Marek Pawłowski "Krzykacz"
85%
RL9 Robert Lewandowski
82%
Pierwszy polski mistrz olimpijski w skokach narciarskich Wojciech Fortuna
50%
Największy Polak w historii.
38%
Nie znaleziono quizów pasujących do podanych kryteriów
Rozkład punktacji
Procent ludzi z każdym wynikiem
Percentyl według liczby udzielonych odpowiedzi
Twoja historia wyników
Nie rozwiązałeś tego quizu